[Event "Sachsen-Anhalt Verbandsliga 1920"]
[Site "Sachsen Anhalt"]
[Date "2020.09.20"]
[Round "7.3"]
[White "Kurth, Uwe"]
[Black "Schneider, Eric"]
[Result "1/2-1/2"]
[WhiteElo "1974"]
[BlackElo "1936"]
[PlyCount "24"]
[EventDate "2019.09.29"]
[EventType "team-tourn"]
[EventRounds "9"]
[EventCountry "GER"]
[SourceTitle "EXT 2023"]
[Source "ChessBase"]
[SourceDate "2022.10.05"]
[SourceVersion "1"]
[SourceVersionDate "2022.10.05"]
[SourceQuality "1"]
[WhiteTeam "Graefenhainichen"]
[BlackTeam "Coethen Germania"]
[WhiteTeamCountry "GER"]
[BlackTeamCountry "GER"]

1. e4 c6 2. d4 d5 3. exd5 cxd5 4. Bd3 Nc6 5. c3 Nf6 6. h3 e6 7. Bf4 Bd6 8. Bxd6 Qxd6 9. Nf3 0-0 10. 0-0 Re8 11. Re1 Qf4 12. Qd2 Nh5 1/2-1/2

[Event "Sachsen-Anhalt Verbandsliga 1920"]
[Site "Sachsen Anhalt"]
[Date "2019.12.08"]
[Round "4.4"]
[White "Schmidt, Thomas1111"]
[Black "Kurth, Uwe"]
[Result "1-0"]
[WhiteElo "1905"]
[BlackElo "1974"]
[PlyCount "59"]
[EventDate "2019.09.29"]
[EventType "team-tourn"]
[EventRounds "9"]
[EventCountry "GER"]
[SourceTitle "EXT 2023"]
[Source "ChessBase"]
[SourceDate "2022.10.05"]
[SourceVersion "1"]
[SourceVersionDate "2022.10.05"]
[SourceQuality "1"]
[WhiteTeam "Reideburg 90 Halle"]
[BlackTeam "Graefenhainichen"]
[WhiteTeamCountry "GER"]
[BlackTeamCountry "GER"]

1. e4 c5 2. d4 cxd4 3. c3 dxc3 4. Nxc3 Nc6 5. Nf3 g6 6. Bc4 Bg7 7. 0-0 d6 8. Qe2 Ne5 9. Nxe5 Bxe5 10. f4 Bd4+ 11. Kh1 Nf6 12. e5 Bg4 13. Bb5+ Kf8 14. Qe1 Ne8 15. Bd2 a6 16. Bd3 Ng7 17. Qe4 dxe5 18. fxe5 Bf5 19. Rxf5 gxf5 20. Qe2 e6 21. Rf1 Qc7 22. Qe1 Rc8 23. Nd1 Qb6 24. a3 Ke8 25. Ne3 Kd7 26. Nc4 Rxc4 27. Bxc4 Rc8 28. Bb4 Bc5 29. Qd2+ Kc7 30. Ba5 1-0

[Event "Sachsen-Anhalt Verbandsliga 1920"]
[Site "Sachsen Anhalt"]
[Date "2019.10.20"]
[Round "2.4"]
[White "Bundrock, Thomas"]
[Black "Kurth, Uwe"]
[Result "1/2-1/2"]
[WhiteElo "2005"]
[BlackElo "1974"]
[PlyCount "120"]
[EventDate "2019.09.29"]
[EventType "team-tourn"]
[EventRounds "9"]
[EventCountry "GER"]
[SourceTitle "EXT 2023"]
[Source "ChessBase"]
[SourceDate "2022.10.05"]
[SourceVersion "1"]
[SourceVersionDate "2022.10.05"]
[SourceQuality "1"]
[WhiteTeam "Magdeburg USC"]
[BlackTeam "Graefenhainichen"]
[WhiteTeamCountry "GER"]
[BlackTeamCountry "GER"]

1. e4 c5 2. Nc3 d6 3. g3 g6 4. Bg2 Bg7 5. d3 Nc6 6. Be3 Rb8 7. Qd2 b5 8. h3 Bd7 9. Nge2 Qc8 10. Nd1 Nf6 11. c3 b4 12. c4 0-0 13. Bh6 e5 14. Bxg7 Kxg7 15. f4 Qd8 16. 0-0 Ng8 17. f5 Nce7 18. g4 f6 19. h4 h6 20. Ne3 g5 21. Kf2 Nc6 22. Rh1 Nge7 23. Rh3 Qa5 24. b3 Nd4 25. Rah1 Nxe2 26. Kxe2 Rh8 27. a4 Bc6 28. Nd5 Bxd5 29. exd5 Rbe8 30. Be4 Qd8 31. Kd1 Reg8 32. Qh2 Qe8 33. hxg5 hxg5 34. Rh7+ Rxh7 35. Qxh7+ Kf8 36. Qh6+ Kf7 37. Kc2 Rg7 38. Qh5+ Kf8 39. Qh8+ Kf7 40. Qh5+ Kf8 41. Qh8+ Kf7 42. Qh2 Qd7 43. Qh5+ Kf8 44. Qh8+ Ng8 45. Qh2 Ke7 46. Qg3 Qe8 47. Rh8 Qf7 48. Qh2 Kf8 49. Kb1 Ke7 50. Bf3 Kd7 51. Be4 Ke7 52. Rh5 Kd7 53. Rh8 Ke7 54. Qh1 Kd7 55. Rh5 Qe7 56. Qh3 Qf7 57. Qh2 Qe7 58. a5 Kc7 59. Qa2 Qd7 60. Rh8 Kb7 1/2-1/2

[Event "Pardubice Czech op-C 30th"]
[Site "Pardubice"]
[Date "2019.07.25"]
[Round "7"]
[White "Kurth, Uwe"]
[Black "Turecek, Vaclav"]
[Result "1-0"]
[WhiteElo "2021"]
[BlackElo "1872"]
[PlyCount "107"]
[EventDate "2019.07.20"]
[EventType "swiss"]
[EventRounds "9"]
[EventCountry "CZE"]
[SourceTitle "EXT 2020"]
[Source "ChessBase"]
[SourceDate "2019.10.17"]
[SourceVersion "1"]
[SourceVersionDate "2019.10.17"]
[SourceQuality "1"]

1. e4 d6 2. d4 g6 3. Nc3 Bg7 4. Be3 c6 5. Qd2 b5 6. 0-0-0 a5 7. Bd3 Ba6 8. f4 Qc7 9. Kb1 b4 10. Nce2 Nd7 11. Bxa6 Rxa6 12. Nh3 c5 13. dxc5 dxc5 14. e5 e6 15. Ng5 Ne7 16. Nxf7 Kxf7 17. Qxd7 Rc8 18. c4 bxc3 19. Nxc3 Rb6 20. Ne4 Kg8 21. Qxc7 Rxc7 22. Bxc5 Rbc6 23. Rd8+ Bf8 24. Bxe7 Rxe7 25. Rc1 Rxc1+ 26. Kxc1 Rc7+ 27. Kd2 Rb7 28. b3 Rb4 29. Kd3 h6 30. Ra8 Rb5 31. g3 Kf7 32. Ra7+ Ke8 33. Nd6+ Bxd6 34. exd6 Rd5+ 35. Ke4 Kd8 36. a3 h5 37. Rg7 Rxd6 38. Rxg6 Rb6 39. Rg5 Rxb3 40. Rxa5 h4 41. g4 Rh3 42. Ke5 Rxh2 43. Kxe6 Rf2 44. Ra8+ Kc7 45. f5 Re2+ 46. Kf6 Re4 47. g5 Rd4 48. g6 h3 49. Rh8 Rd6+ 50. Kg5 Rd3 51. Kg4 Rxa3 52. g7 Ra1 53. g8Q Rg1+ 54. Kxh3 1-0